A Text Book of Botany/ (Record no. 196797)

MARC details
000 -LEADER
fixed length control field 00600nam a22002057a 4500
005 - DATE AND TIME OF LATEST TRANSACTION
control field 20230727155651.0
008 - FIXED-LENGTH DATA ELEMENTS--GENERAL INFORMATION
fixed length control field 090225t xxu||||| |||| 00| 1 eng d
010 ## - LCCN (DPL NO)
LC control number ENG-137630
020 ## - INTERNATIONAL STANDARD BOOK NUMBER
Terms of availability 580.00
International Standard Book Number 9789392080166
035 ## - SYSTEM CONTROL NUMBER
System control number EN-121162
037 ## - SOURCE OF ACQUISITION
Source of stock number/acquisition DBAD/PUB
040 ## - CATALOGING SOURCE
Original cataloging agency DPL
Language of cataloging English
082 ## - DEWEY DECIMAL CLASSIFICATION NUMBER
Classification number 581
100 ## - MAIN ENTRY--PERSONAL NAME
9 (RLIN) 29133
Personal name Siddiqui, K.A.
245 ## - TITLE STATEMENT
Title A Text Book of Botany/
Remainder of title by K.A. Siddiqui
260 ## - PUBLICATION, DISTRIBUTION, ETC. (IMPRINT)
Place of publication, distribution, etc Delhi
Name of publisher, distributor, etc Kitab Mahal
Date of publication, distribution, etc 2022
270 ## - ADDRESS
Address 4655/21, Ansari Road, Daryaganj, Delhi-110002
City Delhi
300 ## - PHYSICAL DESCRIPTION
Extent 266p.
Dimensions 23cm (pbk)
942 ## - ADDED ENTRY ELEMENTS (KOHA)
Source of classification or shelving scheme Dewey Decimal Classification
Item type English Books
Call number suffix SID
Classification part 581
Holdings
Withdrawn status Lost status Source of classification or shelving scheme Damaged status Not for loan Collection code Home library Current library Date acquired Source of acquisition Cost, normal purchase price Total Checkouts Total Renewals Full call number Barcode Date last seen Copy number Cost, replacement price Koha item type
    Dewey Decimal Classification     Non-fiction Shahdara Branch Shahdara Branch 27/07/2023 DBAD/PUB 580.00 3 4 581 SID EN-121162 21/08/2025 1 580.00 English Books

© Delhi Public Library
Hit Counter
free hit counter